Indywidualni mistrzowie świata na żużlu 1984-2024 - Statystyki

Ogólne statystyki
  • Ten quiz został rozwiązany 298 razy
  • Średni wynik to 26 z 41
Statystyki odpowiedzi
Rok/Year Zawodnik/Rider % Poprawnych
2019 Bartosz Zmarzlik
99%
2020 Bartosz Zmarzlik
99%
2022 Bartosz Zmarzlik
99%
2023 Bartosz Zmarzlik
99%
2024 Bartosz Zmarzlik
99%
2010 Tomasz Gollob
86%
2003 Nicki Pedersen
76%
2007 Nicki Pedersen
76%
2008 Nicki Pedersen
76%
2013 Tai Woffinden
73%
2015 Tai Woffinden
73%
2018 Tai Woffinden
73%
2021 Artiom Łaguta
71%
1997 Greg Hancock
69%
2011 Greg Hancock
69%
2014 Greg Hancock
69%
2016 Greg Hancock
69%
2004 Jason Crump
69%
2006 Jason Crump
69%
2009 Jason Crump
69%
1991 Jan Osvald Pedersen
68%
1994 Tony Rickardsson
67%
1998 Tony Rickardsson
67%
1999 Tony Rickardsson
67%
2001 Tony Rickardsson
67%
2002 Tony Rickardsson
67%
2005 Tony Rickardsson
67%
2017 Jason Doyle
63%
2012 Chris Holder
60%
1986 Hans Nielsen
50%
1987 Hans Nielsen
50%
1989 Hans Nielsen
50%
1995 Hans Nielsen
50%
1996 Billy Hamill
44%
2000 Mark Loram
38%
1993 Sam Ermolenko
36%
1990 Per Jonsson
22%
1984 Erik Gundersen
21%
1985 Erik Gundersen
21%
1988 Erik Gundersen
21%
1992 Gary Havelock
21%
Nie znaleziono quizów pasujących do podanych kryteriów
Rozkład punktacji
Procent ludzi z każdym wynikiem
Percentyl według liczby udzielonych odpowiedzi
Twoja historia wyników
Nie rozwiązałeś tego quizu